Historia del Perú: descubrimiento, conquista y virreynato

محفوظ في:
التفاصيل البيبلوغرافية
المؤلف الرئيسي: García, Santos (مؤلف)
التنسيق: كتاب
اللغة:الإسبانية
منشور في: Lima Lumen 1947
الموضوعات:
الوسوم: إضافة وسم
لا توجد وسوم, كن أول من يضع وسما على هذه التسجيلة!

MARC

LEADER 00000nam a2200000 a 4500
001 UCO3710
003 CL-VaPUC
008 000720e19470000PE |||||||||||||||||spa|d
082 0 4 |a 985  |b GAR  |2 21 
100 0 |a García, Santos  |e author  |9 447554 
245 1 0 |a Historia del Perú: descubrimiento, conquista y virreynato 
300 |a 304 p 
942 |c BK 
945 |d 20000720 00:00:00  |a crobeson 
260 |a Lima  |b Lumen  |c 1947 
650 0 |a Historia de Perú  |9 316239 
650 7 |a DESCUBRIMIENTO Y CONQUISTA DE PERU  |2 CL-VaPUC  |9 447555 
650 0 |a Virreinato del Perú  |9 414472 
650 7 |a COLONIA  |2 CL-VaPUC  |9 447557 
650 7 |a SIGLOS 16-18  |2 CL-VaPUC  |9 315275 
651 0 |a Perú  |9 256567 
583 |a last modification  |c 20000720 00:00:00  |k Rodrigo Vera 
999 |c 289842  |d 289840 
952 |0 0  |1 0  |4 0  |6 985_000000000000000_GAR_1947  |7 0  |8 X  |9 338734  |a BIBHIS  |b BIBHIS  |d 2019-11-20  |i 129752K  |o 985 GAR 1947  |p 129752K  |r 2024-01-30  |w 2019-11-20  |y BK_X  |k HIS